00443nam a22001457a 4500003000500000038001100005082001700016100002900033245005400062260005500116300001300171500001600184880004500200880005200245NUST aWaseem a297.692bNOS aNoshahi ,Muhammad Ashraf aAzcar Nosha Gunj Buksh /bMuhammad Ashraf Noshahi aMundi Bhah ul din :bAdarah Maraf Noshahia,c1996. a304 p. ; aPapercover. 6100-01\raمحمد اشرف نوشاھی 6245-02\raاذکار نوشئہ گنج بخش